<?xml version="1.0" encoding="UTF-8"?><?xml-stylesheet type="text/xsl" href="static/style.xsl"?><OAI-PMH xmlns="http://www.openarchives.org/OAI/2.0/" xmlns:xsi="http://www.w3.org/2001/XMLSchema-instance" xsi:schemaLocation="http://www.openarchives.org/OAI/2.0/ http://www.openarchives.org/OAI/2.0/OAI-PMH.xsd"><responseDate>2026-04-27T20:18:57Z</responseDate><request verb="GetRecord" identifier="oai:uvadoc.uva.es:10324/20908" metadataPrefix="marc">https://uvadoc.uva.es/oai/request</request><GetRecord><record><header><identifier>oai:uvadoc.uva.es:10324/20908</identifier><datestamp>2021-06-18T06:37:21Z</datestamp><setSpec>com_10324_38</setSpec><setSpec>col_10324_787</setSpec></header><metadata><record xmlns="http://www.loc.gov/MARC21/slim" xmlns:doc="http://www.lyncode.com/xoai" xmlns:xsi="http://www.w3.org/2001/XMLSchema-instance" xmlns:dcterms="http://purl.org/dc/terms/" xsi:schemaLocation="http://www.loc.gov/MARC21/slim http://www.loc.gov/standards/marcxml/schema/MARC21slim.xsd">
<leader>00925njm 22002777a 4500</leader>
<datafield tag="042" ind1=" " ind2=" ">
<subfield code="a">dc</subfield>
</datafield>
<datafield tag="720" ind1=" " ind2=" ">
<subfield code="a">Pérez Vélez, Elba del Carmen</subfield>
<subfield code="e">author</subfield>
</datafield>
<datafield tag="260" ind1=" " ind2=" ">
<subfield code="c">2016</subfield>
</datafield>
<datafield tag="520" ind1=" " ind2=" ">
<subfield code="a">En la actualidad se ha propuesto la promoción de la salud como una estrategia para alcanzar y fomentar su mejoría alcanzando la mayor cantidad de personas, esto desde un enfoque participativo y educativo mediante la implicación de todos los sectores de la sociedad. Este enfoque, en relación con la adolescencia, resulta primordial al considerar que la promoción y educación en salud debe realizarse desde edades tempranas, con el propósito de fomentar hábitos saludables que perduren en el tiempo y por ello permita evitar situaciones o comportamientos de riesgo propios de la edad. Por tal razón, resulta importante identificar rutinas o conductas en los adolescentes.&#xd;
En el presente trabajo evaluamos 175 adolescentes de dos institutitos de la Comunidad de Castilla y León, con el cuestionario titulado Hábitos de Vida y Salud, Irurtia, (2013), con el objetivo de reconocer los hábitos personales y sociales que estos refieren y a su vez evidenciar diferencias significativas por sexo en algunas dimensiones del cuestionario. Es un estudio de corte cuantitativo, con una muestra incidental. Las dimensiones estudiadas se describen a partir de una serie de variables.</subfield>
</datafield>
<datafield tag="024" ind2=" " ind1="8">
<subfield code="a">http://uvadoc.uva.es/handle/10324/20908</subfield>
</datafield>
<datafield ind1=" " ind2=" " tag="653">
<subfield code="a">Adolescentes - Promoción de la salud</subfield>
</datafield>
<datafield ind1=" " ind2=" " tag="653">
<subfield code="a">Educación sanitaria</subfield>
</datafield>
<datafield tag="245" ind1="0" ind2="0">
<subfield code="a">Hábitos de vida y salud en adolescentes: conductas manifiestas en el cuidado de la salud</subfield>
</datafield>
</record></metadata></record></GetRecord></OAI-PMH>